Metropolitana di Milano - Linea 1 - Statistics

Statistiche generali
  • Questo quiz è stato fatto 117 volte
  • Il punteggio medio è 27 su 38
Statistiche sulle risposte
Risposta % Corretto
Bisceglie
94%
Duomo
94%
Rho - Fieramilano
92%
San Babila
91%
Cadorna FN - Triennale
85%
Porta Venezia
85%
Sesto Rondò
82%
Cairoli - Castello
80%
Cordusio - Biblioteca Ambrosiana
79%
Loreto
79%
Lima
77%
Bande Nere
76%
Lotto
76%
QT8
76%
Pasteur
74%
Sesto 1°Maggio FS
74%
Sesto Marelli
74%
Wagner
74%
Gorla
73%
Conciliazione
71%
Pagano
71%
Turro
71%
Palestro
70%
Precotto
67%
Buonarroti
65%
Lampugnano
64%
Pero
64%
Rovereto
64%
Villa San Giovanni
64%
Bonola
62%
Inganni
62%
Molino Dorino
62%
Primaticcio
61%
Uruguay
61%
Amendola
59%
San Leonardo
58%
De Angeli
55%
Gambara
50%
Nessun quiz corrispondente trovato
Distribuzione punteggi
Percentuale di utenti per punteggio
Percentile per numero di risposta
I tuoi punteggi nel tempo
Non hai fatto questo quiz